000 00844nam a2200205 a 4500
003 0
005 20250527121955.0
008 021122s19uu xx 00 eng d
050 _aPHS TD 883.17.P6
_b.C37 2002
100 _aCasiño, Michael Vincent.
245 _aThe Strategies and plans implemented by selected companies in CALABARZON to comply with the clean air act /
_cMichael Vincent Casiño.
260 _aLas Piñas City, Philippines :
_bSouthville International School and Colleges,
_c2002.
300 _a37 pages :
_billustrations ;
_c28 cm.
504 _aIncludes bibliographical references.
650 _aClean Air Act (Philippines).
650 _aAir
_xPollution
_vLaw and legislation
_zPhilippines.
650 _aEnvironmental law
_zPhilippines.
650 _aCorporations
_xEnvironmental aspects
_zPhilippines.
942 _2lcc
_cPASS
999 _c96689
_d96689